The A-Z of regeneration consultants 2005-2006 (Record no. 78290)
[ view plain ]
| 000 -LEADER | |
|---|---|
| fixed length control field | 00702cab a2200181 4500 |
| 001 - CONTROL NUMBER | |
| control field | L136438 |
| 008 - FIXED-LENGTH DATA ELEMENTS--GENERAL INFORMATION | |
| fixed length control field | 070131n2006 000 0 eng u |
| 035 ## - SYSTEM CONTROL NUMBER | |
| System control number | (Sirsi) u136438 |
| 041 0# - LANGUAGE CODE | |
| Language code of text/sound track or separate title | eng |
| 245 #4 - TITLE STATEMENT | |
| Title | The A-Z of regeneration consultants 2005-2006 |
| 260 ## - PUBLICATION, DISTRIBUTION, ETC. | |
| Date of publication, distribution, etc. | 2006 |
| 490 #4 - SERIES STATEMENT | |
| Series statement | Regeneration and Renewal |
| Volume/sequential designation | 25 November 2006 supplement (LOAN) |
| 520 ## - SUMMARY, ETC. | |
| Summary, etc. | A directory of consultancy services and a listing of Britain's regeneration consultants. Provides a introductory guide to changes within the regeneration sector and a glossary of regeneration related services terms. |
| 590 ## - LOCAL NOTE (RLIN) | |
| Local note | KA |
| 690 ## - LOCAL SUBJECT ADDED ENTRY--TOPICAL TERM (OCLC, RLIN) | |
| Topical term or geographic name as entry element | PROPERTY-PROPERTY MANAGEMENT-REGENERATION |
| 700 1# - ADDED ENTRY--PERSONAL NAME | |
| Personal name | Ross, Matt |
| Relator term | Editor |
| 942 ## - ADDED ENTRY ELEMENTS (KOHA) | |
| Suppress in OPAC | 0 |
| Withdrawn status | Lost status | Source of classification or shelving scheme | Damaged status | Not for loan | Home library | Current library | Shelving location | Date acquired | Total Checkouts | Full call number | Barcode | Date last seen | Copy number | Price effective from | Koha item type |
|---|---|---|---|---|---|---|---|---|---|---|---|---|---|---|---|
| Dewey Decimal Classification | London | London | Journal article | 31/01/2007 | L136438 | 30070092 | 06/08/2019 | 1 | 06/08/2019 | Journal article |